书目信息 |
| 题名: |
设计与设计家
|
|
| 作者: | ;Pyramyd工作室 编辑 ;tous des K工作室 设计 | |
| 分册: | 第一辑(003) Tous des k | |
| 出版信息: | 北京 中国青年出版社 2006 |
|
| 页数: | 96页 | |
| 开本: | 16×16cm | |
| 丛书名: | ||
| 单 册: | ||
| 中图分类: | J534(565) , J111 | |
| 科图分类: | ||
| 主题词: | 美术--作品--世界--现代--画册 , 平面设计--法国--现代--图集 , 美术 , 平面设计 , 宣传画--设计--法国--现代--图集 , 宣传画 | |
| 电子资源: | ||
| ISBN: | 7-5006-6621-7 | |
| 000 | 01150nam0 2200313 450 | |
| 001 | 003148107 | |
| 005 | 20070806091853.18 | |
| 010 | @a7-5006-6621-7@dCNY25.00 | |
| 100 | @a20060104d2006 em y0chiy0110 ea | |
| 101 | 0 | @achi |
| 102 | @aCN@b110000 | |
| 105 | @aa z 000yd | |
| 200 | 1 | @a设计与设计家@9she ji yu she ji jia@h第一辑(003)@iTous des k@e平面设计/招贴设计@f(法)PYRAMYD编辑 |
| 210 | @a北京@c中国青年出版社@d2006 | |
| 215 | @a96页@d16×16cm | |
| 305 | @a本书由法国PYRAMYD授权中国青年出版社独家出版 | |
| 330 | @a本套书汇聚了来自不同背景的平面艺术家、设计师、插图画家和摄影师,引领我们倘佯于他们具有代表性意义的作品中。每一本专著都强调了图片的视觉效果,并对每位艺术家作品的特质进行了点评。 | |
| 606 | 0 | @a美术@x作品@y世界@z现代@j画册 |
| 606 | 0 | @a平面设计@y法国@z现代@j图集 |
| 606 | 0 | @a美术 |
| 606 | 0 | @a平面设计 |
| 606 | 0 | @a宣传画@x设计@y法国@z现代@j图集 |
| 606 | 0 | @a宣传画 |
| 690 | @aJ534(565)@v4 | |
| 690 | @aJ111@v4 | |
| 711 | 02 | @c(法)@aPyramyd工作室@9Pyramyd gong zuo shi@4编辑 |
| 712 | 02 | @c(法)@atous des K工作室@9tous des K gong zuo shi@4设计 |
| 801 | 0 | @aCN@bNLC@c20070806 |
| 905 | @a10447@dJ111@e103:1(3) | |
| 设计与设计家.第一辑(003).Tous des k:平面设计/招贴设计/(法)PYRAMYD编辑.-北京:中国青年出版社,2006 |
| 96页;16×16cm |
| ISBN 7-5006-6621-7:CNY25.00 |
| 本套书汇聚了来自不同背景的平面艺术家、设计师、插图画家和摄影师,引领我们倘佯于他们具有代表性意义的作品中。每一本专著都强调了图片的视觉效果,并对每位艺术家作品的特质进行了点评。 |
| ● |
| 相关链接 |
|
|
|
|
正题名:设计与设计家
索取号:J111/103:1(3)
 
预约/预借
| 序号 | 登录号 | 条形码 | 馆藏地/架位号 | 状态 | 备注 |
| 1 | 0804380 | 208043801 | 第一样本阅览室/ [索取号:J111/103:1(3)] | 在馆 | |
| 2 | 0804381 | 208043810 | 第一借阅区/ [索取号:J111/103:1(3)] | 在馆 | |
| 3 | 0804382 | 208043829 | 第一借阅区/ [索取号:J111/103:1(3)] | 在馆 | |
| 4 | 0804383 | 208043838 | 第一借阅区/ [索取号:J111/103:1(3)] | 在馆 | |
| 5 | 0804384 | 208043847 | 第一借阅区/ [索取号:J111/103:1(3)] | 在馆 | |
| 6 | 0804385 | 208043856 | 第一借阅区/ [索取号:J111/103:1(3)] | 在馆 | |
| 7 | 0804386 | 208043865 | 密集书库-美术系/ [索取号:J111/103:1(3)] | 在馆 |